[Event "Regionalliga SO9798"]
[Site "Bayern"]
[Date "1998.??.??"]
[Round "?"]
[White "Wagner, Hans"]
[Black "Heyne, Martin"]
[Result "1-0"]
[WhiteElo "2140"]
[BlackElo "2075"]

1.d4 d5 2.c4 e6 3.Nc3 Nf6 4.e3 c6 5.Nf3 Bd6 6.Bd3 Nbd7 7.b3 e5 8.cxd5 cxd5
9.dxe5 Nxe5 10.Be2 Be6 11.Bb2 a6 12.O-O Nxf3+ 13.Bxf3 h5 14.h3 Bc7 15.Qd4 Qd6
16.Rfd1 Rd8 17.Kf1 Rh6 18.e4 Bb6 19.Qd2 Rg6 20.Nxd5 Nxd5 21.exd5 Qh2 22.Re1 Rd7
23.Rac1 Kd8 24.Qb4 Rd6 25.Be5  1-0

[Event "Oberliga Bayern9798"]
[Site "Bayern"]
[Date "1998.??.??"]
[Round "?"]
[White "Unzicker, Ferdinand"]
[Black "Cech, Pavel"]
[Result "1/2-1/2"]
[WhiteElo "2275"]
[BlackElo "2330"]

1.c4 e6 2.d4 d5 3.Nc3 c6 4.e3 Nf6 5.Nf3 Nbd7 6.Qc2 Bd6 7.Be2 O-O 8.O-O dxc4
9.Bxc4 Qe7 10.h3 e5 11.Re1 h6 12.e4  1/2-1/2

[Event "Oberliga Bayern9798"]
[Site "Bayern"]
[Date "1998.??.??"]
[Round "?"]
[White "Schnelzer, Reinhold"]
[Black "Reis, Gerhard"]
[Result "1/2-1/2"]
[WhiteElo "2315"]
[BlackElo "2180"]

1.Nf3 Nf6 2.c4 c6 3.d4 d5 4.Nc3 e6 5.e3 Nbd7 6.Bd3 dxc4 7.Bxc4 b5 8.Bd3 a6
9.e4 c5 10.d5 c4 11.dxe6 fxe6 12.Bc2 Qc7 13.O-O Bd6 14.Qe2 O-O 15.Bg5 Bb7
16.a3 Rae8 17.Rad1 Ne5 18.Nd4 Bc5 19.Bf4 Nfd7 20.Be3 Nc6 21.Qg4 Nf6 22.Qh3 Nxd4
23.Bxd4 Bxd4 24.Rxd4 Qc5 25.Rfd1 e5 26.R4d2 Bc8 27.Qh4 Bg4 28.Re1 Bh5 29.Nd5 Bg6
30.Nxf6+ Rxf6 31.Qg3 Ref8 32.Qe3 Qxe3 33.Rxe3 Bf7 34.Rd7 Be6  1/2-1/2

[Event "Oberliga Bayern9798"]
[Site "Bayern"]
[Date "1998.??.??"]
[Round "?"]
[White "Nitsche, Dirk"]
[Black "Vojtech, Jaroslav"]
[Result "1/2-1/2"]
[WhiteElo "2220"]
[BlackElo "2180"]

1.d4 d5 2.Nf3 c6 3.c4 e6 4.Nc3 Nf6 5.e3 Be7 6.Bd3 O-O 7.O-O dxc4 8.Bxc4 c5
9.Qe2 Nc6 10.dxc5 Bxc5 11.Rd1 Qc7 12.a3 a6 13.b4 Be7 14.Bb2 Bd7 15.Rac1 Rfd8
16.e4 Be8 17.Bd3 Qf4 18.e5 Nd5 19.Nxd5 exd5 20.Bb1 Rac8 21.Qd2 Qxd2 22.Rxd2 Na7
23.Rxc8 Nxc8 24.Bd4 a5 25.Rb2 axb4 26.axb4 Bb5 27.Bc5 Bc4 28.Nd4 g6 29.f4 Rd7
30.Bxe7 Nxe7 31.b5 Rc7 32.g4 Nc8 33.Kf2 Nb6 34.Bc2 Nd7 35.h4 Nc5 36.Ke3 Re7
37.Kf3 Ne6 38.Ke3 Nc5 39.Kf3 Ne6 40.Ke3 Nc5  1/2-1/2

[Event "Oberliga Bayern9798"]
[Site "Bayern"]
[Date "1998.??.??"]
[Round "?"]
[White "De Francesco, Klaus"]
[Black "Lichtenstern, Christoph"]
[Result "1-0"]
[WhiteElo "2255"]
[BlackElo "2185"]

1.d4 d5 2.c4 e6 3.Nf3 c6 4.Nc3 Nf6 5.e3 Nbd7 6.Qc2 Bb4 7.Bd2 Qe7 8.Bd3 O-O
9.a3 Bd6 10.O-O e5 11.cxd5 cxd5 12.e4 dxe4 13.Nxe4 exd4 14.Nxd6 Qxd6 15.Bb4 Qf4
16.Bxf8 Nxf8 17.Qd2 Qxd2 18.Nxd2 Ne6 19.Rfe1 Bd7 20.Ne4 Nd5 21.Rad1 Bc6 22.b4 a6
23.Nc5 Nxc5 24.bxc5 Nc3 25.Rd2 Kf8 26.f3 Rd8 27.Bc4 g6 28.Kf2 Rd7 29.h4 h5
30.Rg1 Na4 31.g4 hxg4 32.Rxg4 Nxc5 33.Rgxd4 Rc7 34.Kg3 Kg7 35.Rf4 Re7 36.Kf2 Rc7
37.Rd6 Re7 38.h5 gxh5 39.Rf5 Nd7 40.Rg5+ Kf8 41.Rxh5 Bxf3 42.Kxf3 Ne5+ 43.Rxe5 Rxe5
44.Rd7 Rc5 45.Rxf7+ Ke8 46.Rf4 Kd7 47.Ke3 b5 48.Rd4+ Kc6 49.Be2 Rg5 50.Rg4 Re5+
51.Re4 Rxe4+ 52.Kxe4 Kc5 53.Kd3 a5 54.Kc2 Kc6 55.Bh5 Kc5 56.Kd3 Kd5 57.Bf7+ Kc5
58.Bg8 Kc6 59.Kd4 Kd6 60.Bd5  1-0

[Event "Regionalliga SW9798"]
[Site "Bayern"]
[Date "1998.??.??"]
[Round "?"]
[White "Marschall, Josef"]
[Black "Kowarsch, Heinrich"]
[Result "1-0"]
[WhiteElo "2085"]
[BlackElo "2040"]

1.d4 Nf6 2.c4 e6 3.Nf3 d5 4.Nc3 c6 5.e3 Nbd7 6.Bd3 Bd6 7.O-O O-O 8.Re1 Re8
9.e4 dxe4 10.Nxe4 Nxe4 11.Rxe4 f5 12.Re1 Nf6 13.Qc2 Rf8 14.Bd2 Qc7 15.h3 a5
16.a3 Bd7 17.Ne5 b6 18.Rac1 Rae8 19.Qd1 Bc8 20.Qa4 c5 21.Bc3 Bb7 22.dxc5 Bxc5
23.b4 axb4 24.axb4 Be7 25.Qb3 Ne4 26.c5 Bd5 27.Bc4 Bxc4 28.Qxc4 Bf6 29.f3 Nxc3
30.Qxc3 bxc5 31.bxc5 Rd8 32.f4 Rd5 33.c6 Rc8 34.Kh1 g6 35.Re2 Kg7 36.h4 Qd6
37.Ree1 Rc7 38.h5 g5 39.h6+ Kxh6 40.Ng4+ fxg4 41.Qxf6+ Kh5 42.fxg5 g3 43.Qh6+ Kg4
44.Rc4+ Rd4 45.Rxd4+ Qxd4 46.Qxe6+ Kh5 47.Qh6+ Kg4 48.Qh3+ Kxg5 49.Qxg3+ Kf5
50.Rf1+  1-0

[Event "Landesliga Nord9798"]
[Site "Bayern"]
[Date "1998.??.??"]
[Round "?"]
[White "Mueller, Marcus"]
[Black "Berreth, Marc"]
[Result "1-0"]
[WhiteElo "2070"]
[BlackElo "2075"]

1.d4 d5 2.c4 c6 3.Nf3 Nf6 4.Nc3 e6 5.e3 Nbd7 6.Bd3 dxc4 7.Bxc4 b5 8.Bd3 a6
9.e4 c5 10.d5 c4 11.dxe6 fxe6 12.Bc2 Qc7 13.Qe2 Bc5 14.O-O Ne5 15.Nxe5 Qxe5
16.Kh1 O-O 17.f4 Qc7 18.e5 Nd5 19.Ne4 Be7 20.Bd2 Bb7 21.Qg4 Qb6 22.Rf3 Rf7
23.Raf1 Rd8 24.Ng5 Bxg5 25.fxg5 Nf6 26.exf6 Rxd2 27.Bxh7+ Kh8 28.fxg7+ Rxg7
29.Rf8+ Rg8 30.Rxg8+ Kxh7 31.Qh5+ Kxg8 32.Qg6+  1-0

[Event "Oberliga Bayern9798"]
[Site "Bayern"]
[Date "1998.??.??"]
[Round "?"]
[White "Arbakov, Valentin"]
[Black "Wach, Markus"]
[Result "1-0"]
[WhiteElo "2450"]
[BlackElo "2390"]

1.c4 Nf6 2.d4 e6 3.Nf3 d5 4.Nc3 c6 5.e3 Nbd7 6.Qc2 Bd6 7.Be2 O-O 8.O-O dxc4
9.Bxc4 b5 10.Be2 Bb7 11.Rd1 Qc7 12.h3 a6 13.e4 e5 14.dxe5 Bxe5 15.Nxe5 Qxe5
16.Be3 Rfe8 17.f3 Qg3 18.Bf2 Qg6 19.Rd6 Nf8 20.Rad1 Ne6 21.Bf1 c5 22.Qd2 Ng5
23.Kh2 b4 24.Na4 Bxe4 25.fxe4 Ngxe4 26.Qf4 Nxd6 27.Rxd6 Qc2 28.Nxc5 Ne4 29.Nxe4 Rxe4
30.Qf3 Rae8 31.Bd3 Qc7 32.Bg3 Re3 33.Qg4 h5 34.Qg5  1-0

[Event "Landesliga Sued 9899"]
[Site "Bayern"]
[Date "1998.??.??"]
[Round "?"]
[White "Wagner, Hans2"]
[Black "Gergen, Harald"]
[Result "1-0"]
[WhiteElo "2150"]
[BlackElo "2055"]

1.Nf3 d5 2.d4 c6 3.c4 e6 4.Nc3 Nf6 5.e3 Nbd7 6.Bd3 dxc4 7.Bxc4 b5 8.Be2 Bb7
9.O-O a6 10.b3 c5 11.Bb2 Rc8 12.a4 b4 13.Nb1 Bd6 14.Nbd2 O-O 15.Nc4 Bb8 16.Nfe5 cxd4
17.Nxd7 Qxd7 18.Qxd4 Be4 19.Rac1 Qc7 20.Ne5 Qb7 21.Rxc8 Rxc8 22.Ng4 e5 23.Nxe5 h5
24.Bc4 Bd5 25.Bxd5 Qxd5 26.Nc4 Qg5 27.f4 Qg6 28.h3 Kh7 29.Rd1 Re8 30.Qd3 Ne4
31.Nd2 Ba7 32.Nc4 Nc5 33.Qxg6+ fxg6 34.Bd4 Re7 35.Bxc5 Bxc5 36.Kf2 Kg8 37.Kf3 Kf7
38.Ne5+ Kf6 39.Nd7+  1-0

[Event "Landesliga Sued 9899"]
[Site "Bayern"]
[Date "1998.??.??"]
[Round "?"]
[White "Terzic, Safet"]
[Black "Schneider, Richard"]
[Result "1/2-1/2"]
[WhiteElo "2310"]
[BlackElo "2195"]

1.Nf3 d5 2.d4 Nf6 3.c4 c6 4.Nc3 e6 5.e3 Nbd7 6.Qc2 Bd6 7.Bd3 O-O 8.O-O e5
9.cxd5 cxd5 10.e4 dxe4 11.Nxe4 Nxe4 12.Bxe4 h6 13.Be3 Re8 14.Rfe1 Nf6 15.dxe5 Bxe5
16.Nxe5 Rxe5 17.Bf3 Bf5 18.Qb3 Qe7 19.Qxb7 Qxb7 20.Bxb7 Rb8 21.Bf3 Rxb2 22.a4 a5
23.Red1 Re8 24.Bd4 Rc2 25.Bb6 Rc4 26.Rd4 Rxd4 27.Bxd4 Bd7 28.Bc3 Ne4 29.Bxa5 Nc5
30.Bb6 Nxa4 31.Bd4 Rc8 32.h4 Nc5 33.Ra7 Be6 34.g4 Nd3 35.g5 hxg5 36.hxg5 Nf4
37.Kh2 Bf5 38.Be3 Ne6 39.Bh5  1/2-1/2

[Event "Landesliga Sued 9899"]
[Site "Bayern"]
[Date "1998.??.??"]
[Round "?"]
[White "Schoenau, Helmut"]
[Black "Siebert, Joachim"]
[Result "1-0"]
[WhiteElo "2055"]
[BlackElo "2010"]

1.d4 e6 2.c4 Nf6 3.Nf3 d5 4.Nc3 c6 5.e3 Nbd7 6.Bd3 dxc4 7.Bxc4 b5 8.Bd3 Bb7
9.O-O a6 10.e4 b4 11.Na4 c5 12.Bg5 cxd4 13.Nxd4 Qa5 14.Be3 Be7 15.Rc1 Ne5
16.Nxe6 Nxd3 17.Nc7+ Kf8 18.Bb6 Qg5 19.Qxd3 Bxe4 20.Qh3 Bf5 21.Qg3 Qxg3 22.fxg3 Bd7
23.Nxa8 Bxa4 24.Rc8+ Ne8 25.Nc7 h5 26.Re1 Rh6 27.Nd5 Bd7 28.Rxe8+ Bxe8 29.Rxe7 Rd6
30.Re5  1-0

[Event "Landesliga Sued 9899"]
[Site "Bayern"]
[Date "1998.??.??"]
[Round "?"]
[White "Schneider, Richard"]
[Black "Scheckenbach, Franz"]
[Result "1-0"]
[WhiteElo "2195"]
[BlackElo "2095"]

1.d4 d5 2.c4 c6 3.Nf3 Nf6 4.Nc3 e6 5.e3 Bd6 6.Bd3 O-O 7.O-O Nbd7 8.e4 dxe4
9.Nxe4 Nxe4 10.Bxe4 h6 11.Bc2 Nf6 12.Qd3 Qc7 13.Re1 Rd8 14.Qc3 b6 15.b4 Bb7
16.c5 Bf8 17.Ne5 g6 18.Bf4 Nh5 19.Qe3 Nxf4 20.Qxf4 Bg7 21.Qe4 a5 22.cxb6 Qe7
23.Nxc6 Qg5 24.h4 Bxc6 25.hxg5 Bxe4 26.Bxe4 Rab8 27.bxa5 Bxd4 28.Rac1 hxg5
29.Rc7 g4 30.g3 f5 31.Bb7 e5 32.Rec1 f4 33.gxf4 exf4 34.Kf1 f3 35.Rc8 Rbxc8
36.Rxc8 Rxc8 37.Bxc8 Kf8 38.Bxg4 Ke7 39.Bxf3 Kd6 40.b7  1-0

[Event "Landesliga Sued 9899"]
[Site "Bayern"]
[Date "1998.??.??"]
[Round "?"]
[White "Matevzic, Christian"]
[Black "Nurbekoglu, Michael"]
[Result "1-0"]
[WhiteElo "2200"]
[BlackElo "2125"]

1.d4 d5 2.c4 e6 3.Nc3 Nf6 4.Nf3 c6 5.e3 Nbd7 6.Qc2 Bd6 7.b3 O-O 8.Be2 b6
9.O-O Bb7 10.e4 dxe4 11.Nxe4 Nxe4 12.Qxe4 Nf6 13.Qh4 Nd7 14.Bg5 Qc7 15.Rad1 Rfe8
16.Rfe1 Nf8 17.Bd3 c5 18.Be4 Ng6 19.Qh5 cxd4 20.Nxd4 a6 21.Bxb7 Qxb7 22.Qf3 Qc7
23.h3 Rac8 24.Re4 Be7 25.Bxe7 Rxe7 26.Nc2 Rd7 27.Rxd7 Qxd7 28.Rd4 Qc7 29.Qd1 h6
30.Rd7 Qf4 31.Ne3 Qe5 32.Ng4 Qg5 33.Qf3 Rf8 34.Qd1 Nf4 35.Kh2 h5 36.Ne3 Ng6
37.Qd4 e5 38.Qxb6 f5 39.Qc7 Qh6 40.Nd5 Nf4 41.Qxe5  1-0

[Event "Bechhofen opJ "]
[Site "Bechhofen"]
[Date "1998.??.??"]
[Round "?"]
[White "Eiber, Manfred"]
[Black "Podzielny, Karl Heinz"]
[Result "1/2-1/2"]
[WhiteElo "2265"]
[BlackElo "2495"]

1.d4 d5 2.c4 c6 3.Nc3 Nf6 4.Nf3 e6 5.e3 Nbd7 6.Bd3 Bd6 7.O-O O-O 8.b3 Re8
9.Bb2 a6 10.Re1 e5 11.dxe5 Nxe5  1/2-1/2

[Event "Beersheba-St Petersburg"]
[Site "Beersheba"]
[Date "1998.??.??"]
[Round "4"]
[White "Avrukh, Boris"]
[Black "Ivanov, Sergey"]
[Result "1-0"]
[WhiteElo "2525"]
[BlackElo "2570"]

1.d4 d5 2.c4 e6 3.Nc3 c6 4.Nf3 Nf6 5.e3 Nbd7 6.Bd3 dxc4 7.Bxc4 b5 8.Bd3 a6
9.e4 c5 10.d5 Qc7 11.O-O Bb7 12.Qe2 Bd6 13.dxe6 fxe6 14.Ng5 Nf8 15.f4 c4
16.Bc2 h6 17.Nf3 Bxf4 18.e5 Bxf3 19.Qxf3 Qa7+ 20.Kh1 Bxe5 21.Be3 Qb8 22.Be4 Ra7
23.Bc6+ N8d7 24.Bxa7 Qxa7 25.Rae1 O-O 26.Qh3 Bxc3 27.Qxe6+ Rf7 28.Bd5 Ne5
29.bxc3 Nxd5 30.Qxd5 Ng6 31.Re8+  1-0

[Event "JUG-ch51 (Women)"]
[Site "Belgrade"]
[Date "1998.??.??"]
[Round "1"]
[White "Maksimovic, Suzana"]
[Black "Markov, Vesna"]
[Result "1/2-1/2"]
[WhiteElo "2300"]
[BlackElo "2180"]

1.d4 d5 2.c4 c6 3.Nc3 Nf6 4.e3 e6 5.Nf3 Nbd7 6.Bd3 Be7 7.O-O O-O 8.b3 b6
9.e4 Bb4 10.e5 Bxc3 11.exf6 Bxa1 12.fxg7 Kxg7 13.Qd2 Qf6 14.cxd5 exd5 15.Ba3 Rg8
16.Rxa1 Kh8 17.Qe3 Bb7 18.Re1 Rae8 19.Ne5 Qg7 20.Qh3 f6 21.Nf3 Rxe1+ 22.Nxe1 Nf8
23.Bc1 Ng6 24.Bf5 Qc7 25.g3 Qe7 26.Be3 c5 27.Nf3 c4 28.Be6 Re8 29.Bf5 Qf7
30.Qg4 a6 31.h4 Ne7 32.Be6 Qg6 33.Qf4 Bc8 34.h5 Qg7 35.h6 Qf8 36.Ng5 Bxe6
37.Nxe6 Qf7 38.Nc7 Rd8 39.Nxa6 Ng6 40.Qf5 Ra8 41.Nb4 cxb3 42.axb3 Ra1+ 43.Kg2 Qe7
44.Nxd5 Qf7 45.Nxf6 Ne7 46.Qe5 Ng6 47.Qb8+ Qf8 48.Qxb6 Qc8 49.d5 Nh4+ 50.gxh4 Rg1+
51.Kf3 Qf5+ 52.Bf4 Rg3+  1/2-1/2

[Event "Berliner Sommer 16th"]
[Site "Berlin"]
[Date "1998.??.??"]
[Round "2"]
[White "Naumann, Alexander"]
[Black "Jungbluth, Rolf"]
[Result "1-0"]
[WhiteElo "2465"]
[BlackElo "2220"]

1.d4 d5 2.c4 e6 3.Nc3 Nf6 4.Nf3 c6 5.e3 Nbd7 6.Qc2 Bd6 7.Bd3 O-O 8.O-O Re8
9.Rd1 Qe7 10.c5 Bb8 11.e4 dxe4 12.Nxe4 h6 13.Bd2 Nd5 14.Ng3 a5 15.Re1 Qf8
16.a3 e5 17.Nh5 Rd8 18.Nxe5 Bxe5 19.dxe5 Nxc5 20.Bf1 Be6 21.f4 Bg4 22.Ng3 Bc8
23.f5 Nd7 24.Kh1 Re8 25.Bc3 Nxc3 26.Qxc3 Nb6 27.Rad1 a4 28.Qd4 Nd5 29.Bc4 Ra5
30.Ba2 Kh8 31.f6 g6 32.Ne4 Be6 33.Nd6 Rb8 34.Bxd5 Rxd5 35.Qxa4 Kh7 36.h4 h5
37.Qf4 Qd8 38.Kh2 Qa5 39.Ne4 Bg4 40.Ng5+ Kg8 41.e6  1-0

[Event "Berliner Sommer 16th"]
[Site "Berlin"]
[Date "1998.??.??"]
[Round "4"]
[White "Urday, Henry"]
[Black "Nei, Iivo"]
[Result "1/2-1/2"]
[WhiteElo "2475"]
[BlackElo "2365"]

1.d4 d5 2.c4 e6 3.Nc3 c6 4.Nf3 Nf6 5.e3 Nbd7 6.Qc2 dxc4 7.Bxc4 b5 8.Bd3 Bb7
9.e4 b4 10.Na4 Qa5 11.O-O c5 12.dxc5 Rc8 13.e5 Bxf3 14.gxf3 Nxe5 15.Be2 Nd5
16.a3 Bxc5 17.Nxc5 Rxc5 18.Qe4 Nc6 19.Bd2 Qb6 20.axb4 Ncxb4 21.Bxb4 Qxb4
22.Rxa7 O-O 23.Qxb4 Nxb4 24.Rb7 Rc2  1/2-1/2

[Event "Berliner Sommer 16th"]
[Site "Berlin"]
[Date "1998.??.??"]
[Round "5"]
[White "Muir, Andrew J"]
[Black "Thesing, Matthias"]
[Result "1-0"]
[WhiteElo "2305"]
[BlackElo "2460"]

1.d4 d5 2.c4 e6 3.Nc3 c6 4.Nf3 Nf6 5.e3 Nbd7 6.Qc2 Bd6 7.Bd3 O-O 8.O-O dxc4
9.Bxc4 a6 10.e4 e5 11.h3 exd4 12.Nxd4 Ne5 13.Be2 Ng6 14.Be3 Re8 15.Rad1 Qe7
16.Rfe1 Be5 17.b4 Bd6 18.a3 a5 19.b5 Bxa3 20.bxc6 Bb4 21.Ncb5 Qe5 22.Nf3 Qe7
23.e5 Nxe5 24.Nxe5 Qxe5 25.Bd4 Qe7 26.Bc3 Bxc3 27.Qxc3 bxc6 28.Bf3 Be6 29.Bxc6 Rec8
30.Nd6 Qc7 31.Nxc8 Rxc8 32.Qf3 h6 33.Ba4 Qc4 34.Ra1 Bd5 35.Qe3 Rb8 36.Rec1 Qa6
37.Rc5 Qa8 38.f3 Be6 39.Bc6 Qa7 40.Raxa5 Rb1+ 41.Kh2 Qb8+ 42.Qe5 Qb3 43.Rab5 Qd1
44.Qb8+  1-0

[Event "Berliner Sommer 16th"]
[Site "Berlin"]
[Date "1998.??.??"]
[Round "9"]
[White "Schulz, Rainer"]
[Black "Lehmann, Holger"]
[Result "1/2-1/2"]
[WhiteElo "2290"]
[BlackElo "2155"]

1.d4 d5 2.Nf3 c6 3.c4 e6 4.e3 Nf6 5.Nc3 Nbd7 6.Qc2 Bd6 7.Be2 O-O 8.O-O e5
9.dxe5 Nxe5 10.cxd5 cxd5 11.Nb5 Bb8 12.b3 a6 13.Nbd4 Re8 14.Bb2 Ne4 15.Nxe5 Bxe5
16.Nf3 Bd6 17.Bd4  1/2-1/2

[Event "Besancon"]
[Site "Besancon"]
[Date "1998.??.??"]
[Round "1"]
[White "Legky, Nikolay A"]
[Black "Vincent, Damien"]
[Result "1-0"]
[WhiteElo "2480"]
[BlackElo "2120"]

1.d4 d5 2.c4 e6 3.Nf3 c6 4.e3 Nf6 5.Nc3 Nbd7 6.Qc2 Be7 7.Bd3 b6 8.O-O Bb7
9.b3 O-O 10.Bb2 Rc8 11.Rad1 Qc7 12.e4 dxe4 13.Nxe4 h6 14.Nc3 Qb8 15.Ne5 Bd6
16.f4 c5 17.Nxd7 Nxd7 18.d5 Bxf4 19.Kh1 Nf6 20.Bc1 Bxc1 21.Qxc1 Ng4 22.d6 Ne5
23.Qf4 Nxd3 24.Rxd3 Rcd8 25.Qe5 Kh7 26.Rfd1 Rd7 27.Rg3 Rg8 28.Ne2 Qd8 29.Nf4 Qe8
30.Nh5 f6 31.Rxg7+  1-0

[Event "Besancon"]
[Site "Besancon"]
[Date "1998.??.??"]
[Round "4"]
[White "Legky, Nikolay A"]
[Black "Claverie, Christophe"]
[Result "1-0"]
[WhiteElo "2480"]
[BlackElo "2275"]

1.d4 Nf6 2.c4 e6 3.Nc3 d5 4.Nf3 c6 5.e3 Nbd7 6.Qc2 Bd6 7.b3 O-O 8.Bd3 Qe7
9.Bb2 Re8 10.Rd1 dxc4 11.Bxc4 e5 12.d5 cxd5 13.Bxd5 Nb6 14.Ng5 Rf8 15.Bf3 h6
16.Nge4 Nxe4 17.Bxe4 Be6 18.O-O Rac8 19.Bxb7 Qxb7 20.Rxd6 Rfd8 21.Rxd8+ Rxd8
22.e4 Qc6 23.Qe2 Nc4 24.Nd5  1-0

[Event "Biel op"]
[Site "Biel"]
[Date "1998.??.??"]
[Round "10"]
[White "Adianto, Utut"]
[Black "Kallai, Gabor"]
[Result "1-0"]
[WhiteElo "2615"]
[BlackElo "2470"]

1.d4 d5 2.Nf3 Nf6 3.c4 c6 4.Nc3 e6 5.e3 Nbd7 6.Bd3 dxc4 7.Bxc4 b5 8.Bd3 a6
9.e4 c5 10.d5 c4 11.Bc2 Qc7 12.O-O e5 13.Nh4 Nc5 14.Qf3 Bd6 15.Bg5 Ng4 16.h3 h6
17.Bd2 Nf6 18.b4 Ncd7 19.a4 Rb8 20.axb5 axb5 21.Nf5 Bf8 22.Qg3 g6 23.Nd4 Nh5
24.Ndxb5 Rxb5 25.Nxb5 Qb7 26.Qc3 Qxb5 27.Ra8 Kd8 28.Rfa1 Bd6 29.Ba4 Qb6 30.Bxd7 Kxd7
31.R1a7+ Kd8 32.Qxc4  1-0

[Event "Bled op"]
[Site "Bled"]
[Date "1998.??.??"]
[Round "6"]
[White "Osterman, Rudolf"]
[Black "Peschel, Andreas"]
[Result "0-1"]
[WhiteElo "2400"]
[BlackElo "2145"]

1.d4 d5 2.c4 e6 3.Nc3 c6 4.Nf3 Nf6 5.e3 Nbd7 6.Qc2 Bd6 7.b3 O-O 8.Bb2 e5
9.cxd5 cxd5 10.dxe5 Nxe5 11.Be2 Nxf3+ 12.Bxf3 d4 13.exd4 Re8+ 14.Kf1 Qa5
15.a3 Bf5 16.Qd2 Rad8 17.h3 Be5 18.b4 Qb6 19.Ne2 Bb8 20.Rc1 Ne4 21.Bxe4 Bxe4
22.f3 Qf6 23.Rc3 Bc6 24.Kf2 Bb5 25.Rd3 Bxd3 26.Qxd3 Qg6 27.Qxg6 hxg6 28.Rd1 Rc8
29.Nc3 Rc4 30.Rd3 f6 31.Bc1 a6 32.Be3 Rec8 33.Nd5 Rc2+ 34.Bd2 Kf7 35.h4 Rd8
36.Ne3 Ra2 37.Ke2 Bf4 38.Nc4 Re8+ 39.Kd1 Bxd2 40.Nd6+ Ke7 41.Nxe8 Bf4 42.Nxg7 Bh6
43.Rc3 Rd2+ 44.Ke1 Rxd4  0-1

[Event "Bled op"]
[Site "Bled"]
[Date "1998.??.??"]
[Round "7"]
[White "Jelen, Igor"]
[Black "Peschel, Andreas"]
[Result "1-0"]
[WhiteElo "2430"]
[BlackElo "2145"]

1.d4 d5 2.c4 e6 3.Nc3 c6 4.e3 Nf6 5.Nf3 Nbd7 6.Bd3 dxc4 7.Bxc4 b5 8.Bd3 a6
9.e4 c5 10.d5 c4 11.dxe6 fxe6 12.Bc2 Qc7 13.O-O Bc5 14.e5 Nxe5 15.Bf4 Bd6
16.Nxe5 Bxe5 17.Bxe5 Qxe5 18.Re1 Qc7 19.Nd5 Nxd5 20.Qxd5 Ra7 21.Bf5 O-O 22.Bxe6+ Bxe6
23.Qxe6+ Qf7 24.Rad1 Qxe6 25.Rxe6 Raf7 26.f3 Rf6 27.Re7 R8f7 28.Rd8+ Rf8
29.Rdd7 R6f7 30.Rxf7 Rxf7 31.Rd8+ Rf8 32.Rxf8+ Kxf8 33.Kf2 Ke7 34.Ke3 Kd6
35.Kd4 g5 36.a4 Kc6 37.g3 bxa4 38.Kxc4 a5 39.f4 gxf4 40.gxf4 h5 41.h4 a3
42.bxa3  1-0

[Event "Bodensee Cup 4th"]
[Site "Bodensee"]
[Date "1998.??.??"]
[Round "1"]
[White "Gschnitzer, Oswald"]
[Black "Mohrlok, Dieter"]
[Result "1/2-1/2"]
[WhiteElo "2410"]
[BlackElo "2310"]

1.Nf3 d5 2.d4 c6 3.c4 e6 4.e3 Nf6 5.Nc3 Nbd7 6.Bd3 Be7 7.O-O b6 8.e4 dxe4
9.Nxe4 Bb7 10.Bf4 Nxe4 11.Bxe4 Nf6 12.Bc2 O-O 13.Qe2 c5 14.Rad1 cxd4 15.Nxd4 Qc8
16.b3 Re8 17.Rd3 a6 18.Rh3 g6 19.Nf3 Qc6 20.Be5 Ng4 21.Rg3 Nxe5 22.Nxe5 Qc7
23.Re1 Bf6 24.Ng4 Bg7  1/2-1/2

[Event "Bodensee Cup 4th"]
[Site "Bodensee"]
[Date "1998.??.??"]
[Round "2"]
[White "Gruenberg, Hans Ulrich"]
[Black "Beikert, Guenther"]
[Result "1-0"]
[WhiteElo "2455"]
[BlackElo "2455"]

1.d4 d5 2.c4 c6 3.Nc3 Nf6 4.e3 e6 5.Nf3 Nbd7 6.Bd3 dxc4 7.Bxc4 b5 8.Bd3 a6
9.e4 c5 10.e5 cxd4 11.Nxb5 axb5 12.exf6 gxf6 13.O-O Qb6 14.Re1 Bb7 15.Bd2 Nc5
16.Bf1 Rd8 17.Rc1 Rg8 18.Bf4 Rg4 19.Bg3 Bh6 20.Nd2 f5 21.b4 Na6 22.a4 d3
23.axb5 Qxb5 24.h3 Rg6 25.Re5 Rd5 26.Nc4 Qxb4 27.Rxd5 Bxd5 28.Nd6+ Ke7 29.Rb1 Qc5
30.Qxd3 Nb4 31.Qb5 Qxb5 32.Nxb5 Nc6 33.Nc3 f4 34.Rb7+ Kd6 35.Bh4 Nd4 36.Nxd5 exd5
37.Bd8 Nc6 38.Bc7+ Ke6 39.Bb5 Nd4 40.Bd3 Rf6 41.Rb6+ Ke7 42.Bd8+ Kxd8 43.Rxf6  1-0

[Event "Slovan op"]
[Site "Bratislava"]
[Date "1998.??.??"]
[Round "3"]
[White "Ruckschloss, Karol"]
[Black "Danek, Pavol"]
[Result "0-1"]
[WhiteElo "2220"]
[BlackElo "2130"]

1.c4 e6 2.d4 d5 3.Nc3 Nf6 4.e3 c6 5.Nf3 Bd6 6.Bd3 Nbd7 7.cxd5 exd5 8.O-O O-O
9.h3 Re8 10.Qc2 Nf8 11.Re1 Be6 12.a3 h6 13.b4 Qd7 14.Ne5 Qc7 15.f4 a5 16.Rb1 axb4
17.axb4 b6 18.Bd2 Rec8 19.Rec1 Ne8 20.Qd1 Bxe5 21.fxe5 f6 22.exf6 Nxf6 23.Qf3 Qd7
24.Rf1 N8h7 25.Ra1 Ng5 26.Qg3 Rxa1 27.Rxa1 Bf5 28.Bxf5 Qxf5 29.Ra7 Rf8 30.h4 Nh5
31.Qe1 Ne4 32.Nxe4 Qxe4 33.Ra1 Qg4 34.Qd1 Qxh4 35.Be1 Qg5 36.Qd3 Nf6 37.Ra3 Ne4
38.b5 Rf6 39.Qe2 cxb5 40.Qxb5 Kh7 41.Qd7 Qh5 42.Ra1 Qe2 43.Qxd5 Qxe3+ 44.Kh2 Qf4+
45.Kg1 Rf5 46.Qc4 Qe3+  0-1

[Event "Bratto op"]
[Site "Bratto"]
[Date "1998.??.??"]
[Round "?"]
[White "Farago, Ivan"]
[Black "Gurevich, Dmitry"]
[Result "1/2-1/2"]
[WhiteElo "2475"]
[BlackElo "2540"]

1.d4 d5 2.c4 c6 3.Nf3 Nf6 4.Nc3 e6 5.e3 Nbd7 6.Qc2 Bd6 7.Bd3 O-O 8.O-O dxc4
9.Bxc4 a6 10.Rd1 Qe7 11.e4  1/2-1/2

[Event "Bratto op"]
[Site "Bratto"]
[Date "1998.??.??"]
[Round "?"]
[White "Barbero, Gerardo F"]
[Black "Godena, Michele"]
[Result "1/2-1/2"]
[WhiteElo "2440"]
[BlackElo "2500"]

1.Nf3 d5 2.c4 e6 3.d4 Nf6 4.Nc3 c6 5.e3 a6 6.Bd3 dxc4 7.Bxc4 c5 8.a4 cxd4
9.exd4 Be7 10.O-O Nc6 11.d5 exd5 12.Nxd5 Nxd5 13.Bxd5 O-O 14.Qb3 Bf5 15.Rd1 Qb8
16.Bd2 Bf6 17.Rac1 Bg6 18.Be3 a5 19.h3 h6 20.Nd2 Nb4 21.Be4 Bxe4 22.Nxe4 Qe5
23.Nxf6+ Qxf6 24.Rd7 b6 25.Rcc7 Rad8 26.Qc4 Rxd7 27.Rxd7 Qxb2 28.Bxb6 Qa1+
29.Kh2 Qxa4 30.Ra7 Qc6 31.Qxc6 Nxc6  1/2-1/2

[Event "Bratto op"]
[Site "Bratto"]
[Date "1998.??.??"]
[Round "?"]
[White "Drazic, Sinisa"]
[Black "Barbero, Gerardo F"]
[Result "1/2-1/2"]
[WhiteElo "2515"]
[BlackElo "2440"]

1.d4 d5 2.c4 c6 3.Nf3 Nf6 4.Nc3 e6 5.e3 Nbd7 6.Qc2 Bd6 7.a3 O-O 8.Be2 Qe7
9.O-O dxc4 10.Bxc4 a6 11.Ne4 Nxe4 12.Qxe4 c5 13.a4 Rb8 14.Ne5 Rd8 15.f4 Nf6
16.Qf3 cxd4 17.exd4 Bc7 18.Be3 Nd5 19.Bf2 g6 20.Rfe1 Qf6 21.Bxd5 Rxd5 22.Rac1 Ba5
23.Rf1 Bd7 24.Qxd5 exd5 25.Nxd7 Qxf4 26.Nxb8 Qxb8 27.Bg3 Qe8 28.Be5 f5 29.Kh1 Qxa4
30.g4 Qb3 31.gxf5 Qd3 32.Rc8+ Kf7 33.fxg6+ Kxg6 34.Rg8+ Kh5 35.Rgf8 Qe4+
36.R1f3 Bd2 37.Kg2 Bg5 38.h4 Bxh4 39.Rf4 Qc2+ 40.Kh3 Bg5 41.Rf7 h6 42.b3 a5
43.Rc7 Qe4 44.Rcc3 b5 45.Rcd3 Qe1 46.Rc3 Qh1+ 47.Bh2 b4 48.Rcd3 Kg6 49.Rf2 Qe4
50.Rff3 Bf6 51.Bg1 Bg5 52.Bh2 Qe1 53.Kg2 Kh5 54.Kh3 Qe6+ 55.Kg2 Kg4 56.Be5 Qa6
57.Rg3+ Kh5 58.Rh3+ Kg6 59.Rhg3 Qc8 60.Rdf3 Qc2+ 61.Rf2 Qe4+ 62.Kh2 Qh4+
63.Kg2  1/2-1/2

[Event "Bratto op"]
[Site "Bratto"]
[Date "1998.??.??"]
[Round "?"]
[White "Farago, Ivan"]
[Black "Barbero, Gerardo F"]
[Result "1/2-1/2"]
[WhiteElo "2475"]
[BlackElo "2440"]

1.d4 d5 2.c4 c6 3.Nf3 Nf6 4.Nc3 e6 5.e3 Nbd7 6.Qc2 Bd6 7.Bd3 O-O 8.O-O Qe7
9.c5 Bc7 10.e4 dxe4 11.Nxe4 Nxe4 12.Bxe4 h6 13.Re1 Rd8 14.Bh7+ Kh8 15.Bd3 Nf6
16.Bd2 Bd7 17.Qc1 Ng8 18.Bf4 Be8 19.Bc4 b6 20.Bxc7  1/2-1/2

[Event "Bratto op"]
[Site "Bratto"]
[Date "1998.??.??"]
[Round "?"]
[White "Efimov, Igor"]
[Black "Lagrotteria, Salvatore"]
[Result "1-0"]
[WhiteElo "2525"]
[BlackElo "2180"]

1.d4 d5 2.c4 c6 3.e3 Nf6 4.Nc3 e6 5.Nf3 Nbd7 6.Qc2 Bd6 7.Bd3 O-O 8.O-O dxc4
9.Bxc4 e5 10.Rd1 Qe7 11.h3 b5 12.Bd3 h6 13.Ne4 Nxe4 14.Bxe4 Bb7 15.dxe5 Nxe5
16.Nd4 Rfd8 17.b3 Rac8 18.Nf5 Qe6 19.Nxd6 Rxd6 20.Ba3 Rxd1+ 21.Rxd1 Qe8 22.Bh7+ Kh8
23.Bf5 Rd8 24.Rxd8 Qxd8 25.Qc5 Ng6 26.Qxa7 Qc7 27.Bb2 Ne7 28.Be4 Nd5 29.a4 bxa4
30.bxa4 f6 31.a5 Nb4 32.Qc5  1-0

[Event "Bratto op"]
[Site "Bratto"]
[Date "1998.??.??"]
[Round "?"]
[White "Pantaleoni, Claudio"]
[Black "Ori, Marco"]
[Result "1-0"]
[WhiteElo "2215"]
[BlackElo "2090"]

1.Nf3 d5 2.d4 Nf6 3.c4 c6 4.Nc3 e6 5.e3 Nbd7 6.Bd3 dxc4 7.Bxc4 b5 8.Be2 a6
9.e4 Bb4 10.e5 Ne4 11.Qd3 Nxc3 12.bxc3 Be7 13.Qe4 Bb7 14.Qg4 Kf8 15.h4 c5
16.Bd2 cxd4 17.cxd4 Rc8 18.Rh3 b4 19.Rg3 g6 20.Bh6+ Ke8 21.h5 Qa5 22.Nd2 Rc2
23.Bc4 Nxe5 24.Qf4 Nxc4 25.Qb8+ Qd8 26.Qxb7 Qxd4 27.Qc6+ Kd8 28.Rd1 Na3 29.Qb7 Rc7
30.Qxa6 Ke8 31.Rd3 Qe5+ 32.Kf1 Rc8 33.Qxc8+  1-0

[Event "Bucharest Fest IM"]
[Site "Bucharest"]
[Date "1998.??.??"]
[Round "?"]
[White "Popescu, Cristian"]
[Black "Osman, Mihai"]
[Result "1/2-1/2"]
[WhiteElo "2300"]
[BlackElo "2240"]

1.d4 Nf6 2.c4 c6 3.Nc3 d5 4.Nf3 e6 5.e3 Be7 6.Bd3 O-O 7.O-O b6 8.e4 dxe4
9.Nxe4 Bb7 10.Qc2 Nbd7 11.Nxf6+ Nxf6 12.Rd1  1/2-1/2